<?xml version="1.0" encoding="UTF-8"?>
<record
    xmlns:xsi="http://www.w3.org/2001/XMLSchema-instance"
    xsi:schemaLocation="http://www.loc.gov/MARC21/slim http://www.loc.gov/standards/marcxml/schema/MARC21slim.xsd"
    xmlns="http://www.loc.gov/MARC21/slim">

  <leader>02105nam a22001937a 4500</leader>
  <controlfield tag="008">121011t        xxu||||| |||| 00| 0 eng d</controlfield>
  <datafield tag="020" ind1=" " ind2=" ">
    <subfield code="a">9780821377277</subfield>
  </datafield>
  <datafield tag="050" ind1=" " ind2=" ">
    <subfield code="a">HF5611.G74</subfield>
  </datafield>
  <datafield tag="100" ind1=" " ind2=" ">
    <subfield code="a">Greuning, Hennie Van</subfield>
  </datafield>
  <datafield tag="245" ind1=" " ind2=" ">
    <subfield code="a">International financial reporting standards: a practical guide /</subfield>
    <subfield code="c">Hennie Van Greuning</subfield>
  </datafield>
  <datafield tag="250" ind1=" " ind2=" ">
    <subfield code="a">5th ed.</subfield>
  </datafield>
  <datafield tag="260" ind1=" " ind2=" ">
    <subfield code="a">Washington D.C:</subfield>
    <subfield code="b">The World Bank,</subfield>
    <subfield code="c">c2009.</subfield>
  </datafield>
  <datafield tag="300" ind1=" " ind2=" ">
    <subfield code="a">ix, 334p.</subfield>
    <subfield code="c">27cm.</subfield>
  </datafield>
  <datafield tag="505" ind1=" " ind2=" ">
    <subfield code="a">Contents: Financial statement presentation: Framework for the preparation and presentation of financial statements -- First-time adoption of IFRS -- Presentation of financial statements -- Cash flow statements -- Accounting policies, changes in accounting estimates, and errors -- Group statements: Business combinations -- Consolidated and separate financial statements -- Investments in associates -- Interests in joint ventures -- Statement of financial position / balance sheet: property, plant, and equipment -- Investment property -- Agriculture -- Intangible assets -- Leases -- Income taxes -- Inventories -- Financial instruments: recognition and measurement -- Noncurrent assets held for sale and discontinued operations -- Exploration for and evaluation of mineral resources -- Provisions, contingent liabilities, and contingent assets -- The Effects of changes in foreign exchange rates -- Statement of comprehensive income / income statement: Revenue -- Construction contracts -- Employee benefits -- Impairment of assets -- Borrowing costs -- Accounting for government grants and disclosure of government assistance -- Share-based payment -- Events after the balance sheet date -- Disclosure: Related-party disclosures -- Earnings per share -- Financial instruments: presentation -- Financial instruments: disclosures -- Operating segments -- Interim financial reporting -- Accounting and reporting by retirement benefit plans -- Insurance contracts -- Financial reporting in hyperinflationary economies.</subfield>
  </datafield>
  <datafield tag="650" ind1=" " ind2=" ">
    <subfield code="b">Accounting </subfield>
    <subfield code="x">Standards. </subfield>
  </datafield>
  <datafield tag="650" ind1=" " ind2=" ">
    <subfield code="a">Financial statements </subfield>
    <subfield code="x"> Standards</subfield>
  </datafield>
  <datafield tag="650" ind1=" " ind2=" ">
    <subfield code="a">Financial Statements. </subfield>
  </datafield>
  <datafield tag="942" ind1=" " ind2=" ">
    <subfield code="2">lcc</subfield>
    <subfield code="c">BK</subfield>
  </datafield>
  <datafield tag="999" ind1=" " ind2=" ">
    <subfield code="c">2429</subfield>
    <subfield code="d">9929</subfield>
  </datafield>
  <datafield tag="952" ind1=" " ind2=" ">
    <subfield code="0">0</subfield>
    <subfield code="1">0</subfield>
    <subfield code="2">lcc</subfield>
    <subfield code="4">0</subfield>
    <subfield code="7">0</subfield>
    <subfield code="a">WIUC-1</subfield>
    <subfield code="b">WIUC-1</subfield>
    <subfield code="c">REF</subfield>
    <subfield code="d">2012-10-11</subfield>
    <subfield code="l">0</subfield>
    <subfield code="o">HF5611.G74</subfield>
    <subfield code="p">6169/12</subfield>
    <subfield code="r">2012-10-11 00:00:00</subfield>
    <subfield code="t">1</subfield>
    <subfield code="w">2012-10-11</subfield>
    <subfield code="y">BK</subfield>
  </datafield>
  <datafield tag="952" ind1=" " ind2=" ">
    <subfield code="0">0</subfield>
    <subfield code="1">0</subfield>
    <subfield code="2">lcc</subfield>
    <subfield code="4">0</subfield>
    <subfield code="7">0</subfield>
    <subfield code="a">WIUC-1</subfield>
    <subfield code="b">WIUC-1</subfield>
    <subfield code="c">REF</subfield>
    <subfield code="d">2012-10-11</subfield>
    <subfield code="l">0</subfield>
    <subfield code="o">HF5611.G741</subfield>
    <subfield code="p">6170/12</subfield>
    <subfield code="r">2012-10-11 00:00:00</subfield>
    <subfield code="t">2</subfield>
    <subfield code="w">2012-10-11</subfield>
    <subfield code="y">BK</subfield>
  </datafield>
  <datafield tag="952" ind1=" " ind2=" ">
    <subfield code="0">0</subfield>
    <subfield code="1">0</subfield>
    <subfield code="2">lcc</subfield>
    <subfield code="4">0</subfield>
    <subfield code="7">0</subfield>
    <subfield code="a">WIUC-1</subfield>
    <subfield code="b">WIUC-1</subfield>
    <subfield code="c">REF</subfield>
    <subfield code="d">2012-10-11</subfield>
    <subfield code="l">0</subfield>
    <subfield code="o">HF5611.G742</subfield>
    <subfield code="p">6171/12</subfield>
    <subfield code="r">2012-10-11 00:00:00</subfield>
    <subfield code="t">3</subfield>
    <subfield code="w">2012-10-11</subfield>
    <subfield code="y">BK</subfield>
  </datafield>
</record>
